Glasgow city centre office report 2008/9 (Record no. 109028)

MARC details
000 -LEADER
fixed length control field 01084cad a22002295a 4500
001 - CONTROL NUMBER
control field E146047
008 - FIXED-LENGTH DATA ELEMENTS--GENERAL INFORMATION
fixed length control field 081204s2008 xxkado f s 000 0 eng d
035 ## - SYSTEM CONTROL NUMBER
System control number (Sirsi) u146047
041 0# - LANGUAGE CODE
Language code of text/sound track or separate title eng
050 04 - LIBRARY OF CONGRESS CALL NUMBER
Classification number 333.33 $2 18
110 2# - MAIN ENTRY--CORPORATE NAME
Corporate name or jurisdiction name as entry element Lambert Smith Hampton
9 (RLIN) 2865
245 00 - TITLE STATEMENT
Title Glasgow city centre office report 2008/9
Medium [electronic resource]
260 ## - PUBLICATION, DISTRIBUTION, ETC.
Place of publication, distribution, etc. Glasgow
Name of publisher, distributor, etc. Lambert Smith Hampton
Date of publication, distribution, etc. 2008
490 #0 - SERIES STATEMENT
Series statement Lambert Smith Hampton Glasgow City Centre Office Report
Volume/sequential designation 2008/9
520 ## - SUMMARY, ETC.
Summary, etc. Suggests that take up during 2008 is likely to decrease to 300 000 sq ft, from a ten year average of 500 000 sq ft. Lack of grade A supply has inhibited market activity during 2008, and it is thought that new developments which come to the market in 2009 will be well received because of this unfulfilled demand.
521 ## - TARGET AUDIENCE NOTE
Target audience note Advanced
590 ## - LOCAL NOTE (RLIN)
Local note KA
651 #4 - SUBJECT ADDED ENTRY--GEOGRAPHIC NAME
Geographic name Glasgow
690 ## - LOCAL SUBJECT ADDED ENTRY--TOPICAL TERM (OCLC, RLIN)
Topical term or geographic name as entry element PROPERTY-COMMERCIAL PROPERTY-COMMERCIAL PROPERTY MARKET
856 40 - ELECTRONIC LOCATION AND ACCESS
Uniform Resource Identifier <a href="https://www.lsh.co.uk">https://www.lsh.co.uk</a>
Public note View the report free of charge under research (requires registration) at www.lsh.co.uk...
942 ## - ADDED ENTRY ELEMENTS (KOHA)
Suppress in OPAC 0
Holdings
Withdrawn status Lost status Source of classification or shelving scheme Damaged status Not for loan Home library Current library Shelving location Date acquired Total Checkouts Full call number Barcode Date last seen Copy number Price effective from Koha item type
    Dewey Decimal Classification     Virtual Virtual Online 04/12/2008   ONLINE PUBLICATION 146047-2001 06/08/2019 1 06/08/2019 Book